Geoffrey Giraffe Animal Alphabet - Statistics

General Stats
  • This quiz has been taken 187 times
    36 since last reset
  • The average score is 22 of 26
Answer Stats
Picture Hint Answer % Correct
A Alligator
100%
B Bear
88%
C Camel
88%
D Deer
88%
E Elephant
85%
G Giraffe
85%
H Horse
85%
I Iguana
85%
J Jaguar
85%
K Kangaroo
85%
L Lion
85%
M Monkey
85%
F Fish
81%
N Newt
81%
O Ostrich
81%
P Penguin
81%
Q Quail
81%
R Rhino
81%
S Seal
81%
T Tiger
81%
V Vulture
81%
W Whale
81%
Z Zebra
81%
U Unicorn
77%
Y Yak
77%
X oX
69%
No matching quizzes found
Score Distribution
Percent of People with Each Score
Percentile by Number Answered
Your Score History
You have not taken this quiz since the last reset